<?xml version="1.0" encoding="UTF-8"?>
<record
    xmlns:xsi="http://www.w3.org/2001/XMLSchema-instance"
    xsi:schemaLocation="http://www.loc.gov/MARC21/slim http://www.loc.gov/standards/marcxml/schema/MARC21slim.xsd"
    xmlns="http://www.loc.gov/MARC21/slim">

  <leader>00534nam a2200205 a 4500</leader>
  <datafield tag="999" ind1=" " ind2=" ">
    <subfield code="c">514</subfield>
    <subfield code="d">514</subfield>
  </datafield>
  <controlfield tag="008">190909r19932012ii ||||gr|||| 00| 1 eng d</controlfield>
  <datafield tag="020" ind1=" " ind2=" ">
    <subfield code="a">9788172234980</subfield>
    <subfield code="c">Rs. 299.00</subfield>
  </datafield>
  <datafield tag="040" ind1=" " ind2=" ">
    <subfield code="a">KO</subfield>
    <subfield code="b">eng</subfield>
  </datafield>
  <datafield tag="041" ind1="0" ind2=" ">
    <subfield code="a">eng</subfield>
  </datafield>
  <datafield tag="044" ind1=" " ind2=" ">
    <subfield code="a">ii</subfield>
  </datafield>
  <datafield tag="082" ind1="0" ind2="4">
    <subfield code="2">23</subfield>
    <subfield code="a">869.3</subfield>
    <subfield code="b">C6506</subfield>
  </datafield>
  <datafield tag="100" ind1="1" ind2=" ">
    <subfield code="a">Coelho, Paulo</subfield>
  </datafield>
  <datafield tag="245" ind1="1" ind2="0">
    <subfield code="a">The Alchemist /</subfield>
  </datafield>
  <datafield tag="260" ind1=" " ind2=" ">
    <subfield code="a">Noida :</subfield>
    <subfield code="b">HarperCollins Publishers,</subfield>
    <subfield code="c">1993, reprint 2012</subfield>
  </datafield>
  <datafield tag="300" ind1=" " ind2=" ">
    <subfield code="a">xiv, 161 p. ;</subfield>
    <subfield code="c">19.5 cm.</subfield>
  </datafield>
  <datafield tag="650" ind1=" " ind2="0">
    <subfield code="a">English Fiction</subfield>
  </datafield>
  <datafield tag="650" ind1=" " ind2="0">
    <subfield code="a">English philosophy</subfield>
  </datafield>
  <datafield tag="852" ind1=" " ind2=" ">
    <subfield code="a">KO</subfield>
  </datafield>
  <datafield tag="942" ind1=" " ind2=" ">
    <subfield code="c">BK</subfield>
  </datafield>
  <datafield tag="952" ind1=" " ind2=" ">
    <subfield code="0">0</subfield>
    <subfield code="1">0</subfield>
    <subfield code="2">ddc</subfield>
    <subfield code="4">0</subfield>
    <subfield code="6">869_300000000000000_C6506</subfield>
    <subfield code="7">0</subfield>
    <subfield code="8">ENG</subfield>
    <subfield code="9">3434</subfield>
    <subfield code="a">KO</subfield>
    <subfield code="b">KO</subfield>
    <subfield code="c">FIC</subfield>
    <subfield code="d">2013-10-29</subfield>
    <subfield code="e">Gemini Book House (Inv. No. 106 Dt 2013-05-10)</subfield>
    <subfield code="g">299.00</subfield>
    <subfield code="l">16</subfield>
    <subfield code="m">3</subfield>
    <subfield code="o">869.3 C6506</subfield>
    <subfield code="p">BK000956</subfield>
    <subfield code="q">2026-05-15</subfield>
    <subfield code="r">2026-04-30</subfield>
    <subfield code="s">2026-04-30</subfield>
    <subfield code="y">BK</subfield>
    <subfield code="z">Shelf-19, Row-2</subfield>
  </datafield>
  <datafield tag="952" ind1=" " ind2=" ">
    <subfield code="0">0</subfield>
    <subfield code="1">0</subfield>
    <subfield code="2">ddc</subfield>
    <subfield code="4">0</subfield>
    <subfield code="6">869_300000000000000_C6506</subfield>
    <subfield code="7">0</subfield>
    <subfield code="8">FIC</subfield>
    <subfield code="9">3758</subfield>
    <subfield code="a">KO</subfield>
    <subfield code="b">KO</subfield>
    <subfield code="c">GEN</subfield>
    <subfield code="d">2013-12-06</subfield>
    <subfield code="e">M/S Gemini Book House (Inv. No. 105 Dt 2013-05-10)</subfield>
    <subfield code="g">0.00</subfield>
    <subfield code="l">33</subfield>
    <subfield code="m">3</subfield>
    <subfield code="o">869.3 C6506</subfield>
    <subfield code="p">BK002556</subfield>
    <subfield code="r">2025-10-17</subfield>
    <subfield code="s">2025-10-07</subfield>
    <subfield code="y">BK</subfield>
    <subfield code="z">Shelf-19, Row-2</subfield>
  </datafield>
</record>
